LEADER 01234nam a2200265 i 4500 001 000000133221 003 CaOOAMICUS 005 20070402000000.0 008 070402s1979 it u000 u ita u 013 $a106239 020 $a88-211-6451-9 040 $aSeMil$bita 100 1 $aMagrassi, Mariano,$d<1930-2004>.$0(OLS)http://semarc/name/10244 245 13$aLa Chiesa che prega nel tempo :$bA lode della sua gloria : La liturgia delle ore /$cMariano Magrassi, Bonifacio Baroffio, Luciano Pacomio. 260 $aTorino :$bMarietti,$ccopyr. 1979. 300 $a143 p. ;$c20 cm. 650 4$aEcclesiologia.$0(OLS)http://semarc/subject/42996 700 1 $aBaroffio, Giacomo,$c.$0(OLS)http://semarc/name/90495 700 1 $aPacomio, Luciano,$c.$0(OLS)http://semarc/name/648 850 $aSeMil 852 $aSeMil$W1$xVenegono$y1$m3K II 133$j87074$B87074$CSeMilBibl$Z2$F123701 $81 961 $aOmaggio: Casiraghi don Ernesto 996 $6020$a88-211-6451-9$9(OLS)http://semarc/number/120334 996 $6245$aLa Chiesa che prega nel tempo :$bA lode della sua gloria : La liturgia delle ore$9(OLS)http://semarc/title/195351 996 $6260$aTorino :$bMarietti$9(OLS)http://semarc/publisher/29916 LEADER 00562nab a2200145 i 4500 001 000000275621 003 CaOOAMICUS 005 20110714000000.0 008 110714n xx uu u0 0und r 013 $a24995 040 $aSeMil$bita 245 10$a[SENZA TITOLO]. - [27] c. - In copertina :$bServizi disponibili in rete. 500 $a13 luglio 2011 [N. 1933]. 773 0 $t[2011.$dRoma : Società per l'Informazione Religiosa (SIR), stampa 2011.$w()203776 996 $6245$a[SENZA TITOLO]. - [27] c. - In copertina :$bServizi disponibili in rete.$9(OLS)http://semarc/title/361389